000 00892nmm a2200277 a 4500
001 ocm000608202
003 TR-IsHL
005 20201028125928.0
008 130927s1991 tu tur
007 cr cn
020 _a9789755200262
035 _a608202
_b(N$T)
050 0 4 _aHM548
_b.B45 1991
090 0 4 _aHM548
_b.B45 1991
100 1 _aBilgin, Nuri
245 1 0 _aEşya ve insan
_h[electronic resource] /
_cNuri Bilgin
250 _a1. bs.
260 _aAnkara :
_bGündogan Yayınları,
_c1991
300 _a460 p.
650 4 _aFelsefe, Psikoloji ve Din
650 4 _aPhilosophy, Psychology and Religion
650 0 _aEkonomi
_x Sosyolojik yönler
650 0 _aEconomics
_x Sociological aspects
650 7 _aBUSINESS & ECONOMICS / Economics / General
_2bisacsh
856 4 0 _uhttp://search.ebscohost.com/login.aspx?direct=true&scope=site&db=e011xww&AN=608202
999 _c3747
_d3747